000 00739nam a2200229 a 4500
001 000021412
005 20200930011323.0
008 100907s1963 sp r 000 f spa d
040 _aDO-SdBNP
_bspa
_cBNPHU
082 _a839.737
_bW231a, 1963
100 1 _aWaltari, Mika,
_d1908-1979
_944675
240 1 4 _aThe adventurer.
_lEspañol.
245 1 3 _aEl aventurero /
_cMika Waltari ; traducción de Pablo M. de Salinas.
250 _a3a ed.
260 _aBarcelona, (España) :
_bEditorial Éxito,
_c1963.
300 _a372, [1] p. ;
_c21 cm.
534 _pTítulo original en inglés:
_tThe adventurer.
650 4 _aNovela sueca
_932951
650 4 _aLiteratura sueca
_944676
700 1 _aSalinas, Pablo M. de,
_925529
049 _aBNGR
999 _c20912
_d20912